| 000 | 00473nam a2200169Ia 4500 | ||
|---|---|---|---|
| 999 |
_c28009 _d28009 |
||
| 003 | OSt | ||
| 005 | 20210108131101.0 | ||
| 008 | 190216s9999||||xx |||||||||||||| ||und|| | ||
| 040 | _coclc | ||
| 082 |
_a894.812301 _bABB/A |
||
| 100 |
_aAbbas, K A _94768 |
||
| 245 | 0 |
_aAbbasinte Kathakal / _cK A Abbas |
|
| 260 |
_bCurrent Books, _aKottayam: _c1996. |
||
| 300 | _a112p | ||
| 650 | _aKathakal | ||
| 942 |
_cBK _2ddc _h894.812301 _iABB/A _k894.812301 _mABB/A |
||